000 00637nam a2200217 a 4500
999 _c2852
_d2852
003 PK-NaQUE
005 20250715085957.0
008 250715b ||||| |||| 00| 0 eng d
020 _a0632029617 (paperback)
020 _a9780632029617 (paperback)
040 _cQUEST
082 _a552.5TUC
100 1 _aTucker, M. E.
245 1 0 _aSedimentary Petrology: an introduction to the origin of sedimentary rocks
250 _a2nd ed.
260 _bBlackwell Scientific Pub.
_c1991.
300 _a272 p. ;
650 _aSedimentary rocks
856 4 0 _uhttp://10.10.170.122:8080/browse/book/27786
_yDownload eBook
942 _cBK
_2ddc